| 000 -ლიდერი |
| ფიქსირებული სიგრძის საკონტროლო ველი |
01648nam a2200313Ia 4500 |
| 001 - საკონტროლო ნომერი |
| საკონტროლო ველი |
22332 |
| 003 - საკონტროლო ნომრის იდენტიფიკატორი |
| საკონტროლო ველი |
GE_BSU |
| 005 - ბოლო ოპერაციის თარიღი და დრო |
| საკონტროლო ველი |
20250801161036.0 |
| 008 - ფიქსირებული სიგრძის მონაცემთა ელემენტები - ზოგადი ინფორმაცია |
| ფიქსირებული სიგრძის საკონტროლო ველი |
181216s2014||||ge |||||||||||||| ||geo|| |
| 020 ## - წიგნის საერთაშორისო სტანდარტული ნომერი |
| International Standard Book Number |
978-9941-455-85-8 |
| 040 ## - კატალოგიზაციის წყარო |
| Transcribing agency |
GE_BSU |
| 041 ## - ენის კოდი |
| Language code of text/sound track or separate title |
geo |
| 080 ## - უნივერსალური ათობითი კლასიფიკაციის ინდექსი |
| Universal Decimal Classification number |
811.353.32'366.58 დ-14 |
| 100 ## - მთავარი ჩანაწერი - პიროვნების სახელი |
| Personal name |
დადიანი, ე. |
| 9 (RLIN) |
25739 |
| 245 ## - ცნობა სათაურის შესახებ |
| Title |
მეგრული ზმნის პარადიგმა = The megrelian verb paradigm / |
| Statement of responsibility, etc |
ეკა დადიანი ; რედ. : ტარიელ ფუტკარაძე, რევაზ შეროზია ; აკაკი წერეთლის სახელმწ. უნ-ტი. |
| 264 ## - წარმოების, გამოცემის, დისტრიბუციის და სხვა ცნობები |
| გამოცემის, წარმოების, დისტრიბუციის... ადგილი |
ქუთაისი : |
| გამოცემის, წარმოების, დისტრიბუციის... სახელწოდება |
აკაკი წერეთლის სახელმწ. უნ-ტის გამ-ბა, |
| გამოცემის, წარმოების, დისტრიბუციის... თარიღი |
2014. |
| 300 ## - ფიზიკური აღწერა |
| Extent |
473 გვ. : |
| Other physical details |
ცხრ. ; |
| Dimensions |
21 სმ. |
| 500 ## - ზოგადი შენიშვნა |
| General note |
შემოკლებანი : გვ. 165-166 |
| 504 ## - BIBLIOGRAPHY, ETC. NOTE |
| Bibliography, etc |
ბიბლიოგრ. : გვ. 150-164 |
| 520 ## - SUMMARY, ETC. |
| Summary, etc |
თავფურ. ქართ. და ინგლ.. - რეზ. ინგლ. |
| 653 ## - INDEX TERM--UNCONTROLLED |
| Uncontrolled term |
მეგრული ზმნა |
| 653 ## - INDEX TERM--UNCONTROLLED |
| Uncontrolled term |
მეგრული ზმნის პარადიგმა |
| 653 ## - INDEX TERM--UNCONTROLLED |
| Uncontrolled term |
ქართული ენა |
| 700 ## - ADDED ENTRY--PERSONAL NAME |
| Personal name |
ფუტკარაძე, ტარიელ |
| Relator term |
რედაქტორი |
| 9 (RLIN) |
128 |
| 700 ## - ADDED ENTRY--PERSONAL NAME |
| Personal name |
შეროზია, რევაზ |
| Relator term |
რეადაქტორი |
| 9 (RLIN) |
25740 |
| 710 ## - ADDED ENTRY--CORPORATE NAME |
| Corporate name or jurisdiction name as entry element |
აკაკი წერეთლის სახელმწიფო უნსტიტუტი |
| 9 (RLIN) |
25741 |
| 942 ## - ADDED ENTRY ELEMENTS (KOHA) |
| Koha item type |
წიგნი |
| Source of classification or shelving scheme |
|